Políticas, instrumentos, educación e investigación ambientales: competencias ambientales

Uloženo v:
Podrobná bibliografie
Korporace: Comisión Nacional del Medio Ambiente (Autor), CONAMA (Autor)
Médium: Kniha
Jazyk:španělština
Vydáno: Santiago CONAMA 1996
Edice:Estudios de Legislación Ambiental. Serie Jurídica, 8
Témata:
Tagy: Přidat tag
Žádné tagy, Buďte první, kdo vytvoří štítek k tomuto záznamu!

MARC

LEADER 00000nam a2200000 a 4500
001 UCS5172
003 CL-VaPUC
008 970830e19960000CL |||||||||||||||||spa|d
082 0 4 |a 344.046  |b COM  |2 21 
110 2 |a Comisión Nacional del Medio Ambiente  |e author  |9 390986 
710 2 |a CONAMA  |e author  |9 390987 
245 1 0 |a Políticas, instrumentos, educación e investigación ambientales: competencias ambientales 
300 |a 52 p 
942 |c BK 
945 |d 19970830 00:00:00  |a rleighto 
260 |a Santiago  |b CONAMA  |c 1996 
650 7 |a LEGISLACION AMBIENTAL  |2 CL-VaPUC  |9 390988 
650 0 |a Política ambiental  |9 262970 
650 0 |a Gestión ambiental   |9 338121 
650 0 |a Educación ambiental  |9 262920 
650 0 |a Medio ambiente  |9 257625 
583 |a last modification  |c 19970830 00:00:00  |k Rodrigo Vera 
490 0 |a Estudios de Legislación Ambiental. Serie Jurídica, 8 
999 |c 261801  |d 261799 
952 |0 0  |1 0  |4 0  |6 344_046000000000000_COM_1996  |7 0  |8 P  |9 289606  |a BIBDER  |b BIBDER  |d 2019-11-19  |i 3344819  |o 344.046 COM 1996  |p 3344819  |r 2023-01-25  |w 2019-11-19  |y BK  |k DER